[Event "45th FIDE Chess Olympiad Open"]
[Site "Budapest, Hungary"]
[Date "2024.09.21"]
[Round "10"]
[White "Chavez, Ricardo Ernesto"]
[Black "Amer Karim"]
[Result "1-0"]
[Board "194"]
[WhiteFideId "6700098"]
[BlackFideId "7800053"]
[WhiteTitle "FM"]
[BlackTitle "FM"]
[WhiteElo "2185"]
[BlackElo "2081"]
[WhiteTeam "El Salvador"]
[BlackTeam "Pakistan"]
[WhiteClock "0:19:03"]
[BlackClock "0:17:05"]
[Variant "Standard"]

1. e4 {[%clk 1:30:41]}  c5 {[%clk 1:30:55]} 2. Nf3 {[%clk 1:31:04]}  Nc6 {[%clk 1:31:18]} 3. d4 {[%clk 1:31:23]}  cxd4 {[%clk 1:31:41]} 4. Nxd4 {[%clk 1:31:48]}  Nf6 {[%clk 1:32:06]} 5. Nc3 {[%clk 1:32:12]}  e5 {[%clk 1:32:31]} 6. Ndb5 {[%clk 1:32:26]}  d6 {[%clk 1:32:55]} 7. Bg5 {[%clk 1:32:44]}  a6 {[%clk 1:33:17]} 8. Na3 {[%clk 1:33:09]}  b5 {[%clk 1:33:41]} 9. Bxf6 {[%clk 1:33:04]}  gxf6 {[%clk 1:33:33]} 10. Nd5 {[%clk 1:33:24]}  Bg7 {[%clk 1:33:34]} 11. Bd3 {[%clk 1:33:11]}  Be6 {[%clk 1:33:27]} 12. O-O {[%clk 1:30:48]}  f5 {[%clk 1:30:56]} 13. c3 {[%clk 1:25:25]}  O-O {[%clk 1:30:21]} 14. Nc2 {[%clk 1:22:49]}  fxe4 {[%clk 1:22:28]} 15. Bxe4 {[%clk 1:23:08]}  f5 {[%clk 1:22:25]} 16. Nf6+ {[%clk 1:16:31]}  Rxf6 {[%clk 1:22:06]} 17. Bxc6 {[%clk 1:16:53]}  Rc8 {[%clk 1:22:24]} 18. Bd5 {[%clk 1:16:40]}  Kh8 {[%clk 1:21:57]} 19. Bxe6 {[%clk 1:09:02]}  Rxe6 {[%clk 1:22:16]} 20. a4 {[%clk 1:08:27]}  Qh4 {[%clk 1:19:33]} 21. axb5 {[%clk 1:04:50]}  Rh6 {[%clk 1:13:54]} 22. h3 {[%clk 1:04:28]}  axb5 {[%clk 1:13:41]} 23. Qf3 {[%clk 1:01:50]}  Qf6 {[%clk 1:06:45]} 24. Ne3 {[%clk 0:59:59]}  Rg8 {[%clk 0:56:00]} 25. Qxf5 {[%clk 0:46:24]}  Qh4 {[%clk 0:55:23]} 26. Ra7 {[%clk 0:42:22]}  b4 {[%clk 0:48:37]} 27. Ng4 {[%clk 0:33:57]}  Rg6 {[%clk 0:44:14]} 28. Rfa1 {[%clk 0:32:05]}  Qd8 {[%clk 0:30:39]} 29. cxb4 {[%clk 0:26:41]}  Qb8 {[%clk 0:26:02]} 30. Qe4 {[%clk 0:24:28]}  Qe8 {[%clk 0:16:02]} 31. Rc7 {[%clk 0:20:48]}  Qe6 {[%clk 0:12:02]} 32. Raa7 {[%clk 0:19:34]}  d5 {[%clk 0:11:32]} 33. Qxe5 {[%clk 0:19:25]}  Qxe5 {[%clk 0:07:07]} 34. Nxe5 {[%clk 0:19:30]}  Rxg2+ {[%clk 0:07:32]} 35. Kf1 {[%clk 0:11:59]}  Rg1+ {[%clk 0:07:07]} 36. Ke2 {[%clk 0:06:45]}  Rf8 {[%clk 0:03:04]} 37. Ng4 {[%clk 0:06:20]}  Rg8 {[%clk 0:01:48]} 38. Nf6 {[%clk 0:04:56]}  Rf8 {[%clk 0:01:27]} 39. Nxd5 {[%clk 0:04:51]}  Bxb2 {[%clk 0:00:40]} 40. Rxh7+ {[%clk 0:04:54]}  Kg8 {[%clk 0:00:56]} 41. Rh4 {[%clk 0:02:30]}  Rg2 {[%clk 0:26:38]} 42. Rg4+ {[%clk 0:28:44]}  Rxg4 {[%clk 0:27:00]} 43. hxg4 {[%clk 0:29:10]}  Bd4 {[%clk 0:26:11]} 44. Ne7+ {[%clk 0:27:04]}  Kf7 {[%clk 0:26:01]} 45. Rd7 {[%clk 0:26:18]}  Bc3 {[%clk 0:23:46]} 46. Nc6+ {[%clk 0:23:44]}  Kg6 {[%clk 0:21:24]} 47. b5 {[%clk 0:23:19]}  Rf6 {[%clk 0:20:55]} 48. Rd3 {[%clk 0:23:05]}  Ba1 {[%clk 0:20:28]} 49. Ra3 {[%clk 0:22:44]}  Re6+ {[%clk 0:20:50]} 50. Re3 {[%clk 0:22:38]}  Rf6 {[%clk 0:21:04]} 51. f4 {[%clk 0:19:33]}  Rd6 {[%clk 0:17:05]} 52. Kf3 {[%clk 0:19:03]} 1-0

[Event "45th FIDE Chess Olympiad Open"]
[Site "Budapest, Hungary"]
[Date "2024.09.21"]
[Round "10"]
[White "Momin Fayzan"]
[Black "Arias, Daniel"]
[Result "1-0"]
[Board "195"]
[WhiteFideId "7805225"]
[BlackFideId "6700640"]
[BlackTitle "FM"]
[WhiteElo "2064"]
[BlackElo "2213"]
[WhiteTeam "Pakistan"]
[BlackTeam "El Salvador"]
[WhiteClock "0:18:45"]
[BlackClock "0:01:36"]
[Variant "Standard"]

1. d4 {[%clk 1:30:54]}  Nf6 {[%clk 1:30:17]} 2. Nf3 {[%clk 1:31:21]}  e6 {[%clk 1:30:21]} 3. c4 {[%clk 1:31:43]}  b6 {[%clk 1:30:07]} 4. a3 {[%clk 1:31:51]}  c5 {[%clk 1:27:39]} 5. d5 {[%clk 1:29:31]}  exd5 {[%clk 1:26:01]} 6. cxd5 {[%clk 1:29:52]}  d6 {[%clk 1:23:34]} 7. Nc3 {[%clk 1:30:16]}  Be7 {[%clk 1:22:36]} 8. e4 {[%clk 1:30:28]}  O-O {[%clk 1:20:18]} 9. h3 {[%clk 1:30:01]}  Re8 {[%clk 1:15:02]} 10. Bd3 {[%clk 1:29:00]}  Na6 {[%clk 1:05:49]} 11. O-O {[%clk 1:29:15]}  Nc7 {[%clk 1:05:49]} 12. Re1 {[%clk 1:29:11]}  a6 {[%clk 0:56:34]} 13. b4 {[%clk 1:26:49]}  Nd7 {[%clk 0:52:22]} 14. Bf4 {[%clk 1:18:17]}  g6 {[%clk 0:36:08]} 15. Qd2 {[%clk 1:14:02]}  Bb7 {[%clk 0:36:04]} 16. Rac1 {[%clk 1:05:36]}  Rc8 {[%clk 0:36:17]} 17. Bc4 {[%clk 1:02:07]}  b5 {[%clk 0:34:54]} 18. Ba2 {[%clk 1:00:04]}  cxb4 {[%clk 0:31:13]} 19. axb4 {[%clk 1:00:26]}  Na8 {[%clk 0:31:40]} 20. e5 {[%clk 0:41:01]}  dxe5 {[%clk 0:25:06]} 21. Nxe5 {[%clk 0:40:56]}  Bxb4 {[%clk 0:23:04]} 22. d6 {[%clk 0:38:30]}  Nxe5 {[%clk 0:16:57]} 23. Bxe5 {[%clk 0:37:28]}  Rxe5 {[%clk 0:16:57]} 24. Rxe5 {[%clk 0:37:51]}  Qxd6 {[%clk 0:17:23]} 25. Qf4 {[%clk 0:35:06]}  Rc7 {[%clk 0:06:09]} 26. Rd1 {[%clk 0:31:44]}  Qc6 {[%clk 0:02:46]} 27. Ne4 {[%clk 0:28:08]}  Kg7 {[%clk 0:02:06]} 28. Bd5 {[%clk 0:26:57]}  Qb6 {[%clk 0:01:32]} 29. Bxb7 {[%clk 0:24:46]}  Rxb7 {[%clk 0:02:01]} 30. Red5 {[%clk 0:18:30]}  Be7 {[%clk 0:00:56]} 31. Nd6 {[%clk 0:17:44]}  Bxd6 {[%clk 0:01:06]} 32. Rxd6 {[%clk 0:18:07]}  Qc5 {[%clk 0:01:20]} 33. Qf6+ {[%clk 0:18:31]}  Kh6 {[%clk 0:01:36]} 34. R6d4 {[%clk 0:18:45]} 1-0

[Event "45th FIDE Chess Olympiad Open"]
[Site "Budapest, Hungary"]
[Date "2024.09.21"]
[Round "10"]
[White "Morales Carlos"]
[Black "Mudasir, Iqbal"]
[Result "1-0"]
[Board "196"]
[WhiteFideId "6706754"]
[BlackFideId "7801114"]
[WhiteTitle "FM"]
[WhiteElo "2131"]
[BlackElo "2055"]
[WhiteTeam "El Salvador"]
[BlackTeam "Pakistan"]
[WhiteClock "0:38:21"]
[BlackClock "0:03:41"]
[Variant "Standard"]

1. e4 {[%clk 1:28:49]}  c5 {[%clk 1:30:38]} 2. Nf3 {[%clk 1:29:11]}  Nc6 {[%clk 1:30:50]} 3. d4 {[%clk 1:29:38]}  cxd4 {[%clk 1:31:08]} 4. Nxd4 {[%clk 1:30:04]}  Nf6 {[%clk 1:31:03]} 5. Nc3 {[%clk 1:29:33]}  e5 {[%clk 1:31:06]} 6. Ndb5 {[%clk 1:29:56]}  d6 {[%clk 1:31:19]} 7. Nd5 {[%clk 1:30:07]}  Nxd5 {[%clk 1:30:28]} 8. exd5 {[%clk 1:30:31]}  Nb8 {[%clk 1:30:39]} 9. a4 {[%clk 1:30:38]}  Be7 {[%clk 1:30:14]} 10. Be2 {[%clk 1:31:02]}  O-O {[%clk 1:30:04]} 11. O-O {[%clk 1:31:24]}  f5 {[%clk 1:28:56]} 12. f4 {[%clk 1:31:36]}  Bf6 {[%clk 1:28:32]} 13. fxe5 {[%clk 1:31:12]}  Bxe5 {[%clk 1:27:33]} 14. Bf4 {[%clk 1:31:03]}  a6 {[%clk 1:16:06]} 15. Bxe5 {[%clk 1:29:43]}  dxe5 {[%clk 1:06:38]} 16. Na3 {[%clk 1:26:05]}  Nd7 {[%clk 1:05:49]} 17. Nc4 {[%clk 1:16:57]}  e4 {[%clk 1:01:04]} 18. Qd4 {[%clk 1:11:36]}  Nf6 {[%clk 0:53:49]} 19. Nb6 {[%clk 1:05:55]}  Rb8 {[%clk 0:53:11]} 20. a5 {[%clk 1:06:19]}  Nd7 {[%clk 0:49:19]} 21. c4 {[%clk 1:03:18]}  Nxb6 {[%clk 0:48:55]} 22. axb6 {[%clk 1:03:43]}  Qf6 {[%clk 0:42:23]} 23. Qxf6 {[%clk 1:03:41]}  Rxf6 {[%clk 0:42:23]} 24. c5 {[%clk 1:04:05]}  Kf8 {[%clk 0:42:01]} 25. Kf2 {[%clk 1:03:29]}  f4 {[%clk 0:40:59]} 26. Rfd1 {[%clk 1:00:50]}  g5 {[%clk 0:40:36]} 27. b4 {[%clk 1:00:00]}  g4 {[%clk 0:40:09]} 28. Bc4 {[%clk 0:58:42]}  Rh6 {[%clk 0:37:52]} 29. Kg1 {[%clk 0:59:04]}  Bf5 {[%clk 0:36:23]} 30. Re1 {[%clk 0:58:09]}  Re8 {[%clk 0:33:30]} 31. d6 {[%clk 0:55:55]}  Bc8 {[%clk 0:27:28]} 32. Rad1 {[%clk 0:54:59]}  Bd7 {[%clk 0:14:10]} 33. Bd5 {[%clk 0:53:17]}  e3 {[%clk 0:14:21]} 34. Rd4 {[%clk 0:40:36]}  Rf6 {[%clk 0:14:19]} 35. Rf1 {[%clk 0:40:00]}  e2 {[%clk 0:11:19]} 36. Re1 {[%clk 0:40:27]}  f3 {[%clk 0:10:02]} 37. gxf3 {[%clk 0:40:55]}  gxf3 {[%clk 0:10:16]} 38. Kf2 {[%clk 0:41:21]}  Re5 {[%clk 0:08:58]} 39. h4 {[%clk 0:40:58]}  Rxd5 {[%clk 0:04:25]} 40. Rxd5 {[%clk 0:39:19]}  Ke8 {[%clk 0:04:54]} 41. Re5+ {[%clk 0:39:18]}  Kd8 {[%clk 0:05:16]} 42. Rg1 {[%clk 0:39:32]}  Rf8 {[%clk 0:05:21]} 43. Rg7 {[%clk 0:39:34]}  Bc6 {[%clk 0:05:27]} 44. Rxh7 {[%clk 0:37:30]}  Rg8 {[%clk 0:05:16]} 45. Rg5 {[%clk 0:37:50]}  Re8 {[%clk 0:05:15]} 46. Re7 {[%clk 0:38:09]}  Rh8 {[%clk 0:04:38]} 47. h5 {[%clk 0:38:15]}  Kc8 {[%clk 0:03:41]} 48. h6 {[%clk 0:38:21]} 1-0

[Event "45th FIDE Chess Olympiad Open"]
[Site "Budapest, Hungary"]
[Date "2024.09.21"]
[Round "10"]
[White "Ashiku, Franc"]
[Black "Chinchilla, Alejandro Jose"]
[Result "1-0"]
[Board "197"]
[WhiteFideId "4700066"]
[BlackFideId "8401136"]
[WhiteTitle "IM"]
[BlackTitle "FM"]
[WhiteElo "2400"]
[BlackElo "2113"]
[WhiteTeam "Albania"]
[BlackTeam "Honduras"]
[WhiteClock "0:14:55"]
[BlackClock "0:08:23"]
[Variant "Standard"]

1. d4 {[%clk 1:30:58]}  d5 {[%clk 1:30:54]} 2. Nf3 {[%clk 1:31:23]}  Nf6 {[%clk 1:31:12]} 3. Bf4 {[%clk 1:31:46]}  c5 {[%clk 1:31:29]} 4. e3 {[%clk 1:32:10]}  Nc6 {[%clk 1:31:56]} 5. Nbd2 {[%clk 1:32:02]}  Qb6 {[%clk 1:32:05]} 6. dxc5 {[%clk 1:32:22]}  Qxb2 {[%clk 1:32:12]} 7. Rb1 {[%clk 1:32:45]}  Qc3 {[%clk 1:31:25]} 8. Bb5 {[%clk 1:33:09]}  e6 {[%clk 1:30:48]} 9. O-O {[%clk 1:33:20]}  Be7 {[%clk 1:31:06]} 10. e4 {[%clk 1:33:38]}  O-O {[%clk 1:29:24]} 11. e5 {[%clk 1:33:41]}  Nd7 {[%clk 1:29:32]} 12. Nb3 {[%clk 1:32:13]}  Qb4 {[%clk 1:27:43]} 13. Nbd4 {[%clk 1:28:56]}  Qxc5 {[%clk 1:27:05]} 14. c3 {[%clk 1:29:01]}  Na5 {[%clk 1:04:57]} 15. Bd3 {[%clk 1:26:35]}  Nc4 {[%clk 1:03:50]} 16. Re1 {[%clk 1:19:55]}  a6 {[%clk 1:04:09]} 17. h4 {[%clk 1:19:14]}  Qc7 {[%clk 1:02:03]} 18. Ng5 {[%clk 1:13:32]}  Bxg5 {[%clk 0:44:07]} 19. hxg5 {[%clk 1:11:43]}  Nc5 {[%clk 0:43:41]} 20. Bxc4 {[%clk 1:00:53]}  dxc4 {[%clk 0:44:06]} 21. Re3 {[%clk 1:01:14]}  Nd3 {[%clk 0:42:28]} 22. Bh2 {[%clk 0:53:43]}  b5 {[%clk 0:38:34]} 23. Qh5 {[%clk 0:45:29]}  Bb7 {[%clk 0:33:01]} 24. Qh4 {[%clk 0:27:08]}  Qd8 {[%clk 0:29:55]} 25. Rh3 {[%clk 0:20:25]}  h6 {[%clk 0:30:21]} 26. Rg3 {[%clk 0:20:46]}  Nxe5 {[%clk 0:21:12]} 27. Qh5 {[%clk 0:20:52]}  Qd5 {[%clk 0:13:39]} 28. gxh6 {[%clk 0:17:46]}  g6 {[%clk 0:12:32]} 29. Re1 {[%clk 0:17:36]}  Nd3 {[%clk 0:09:44]} 30. Rxg6+ {[%clk 0:17:46]}  Kh8 {[%clk 0:09:54]} 31. Rg5 {[%clk 0:16:47]}  Qd8 {[%clk 0:08:52]} 32. Re3 {[%clk 0:15:53]}  Rg8 {[%clk 0:07:58]} 33. Rxg8+ {[%clk 0:14:37]}  Qxg8 {[%clk 0:08:23]} 34. Be5+ {[%clk 0:14:55]} 1-0

[Event "45th FIDE Chess Olympiad Open"]
[Site "Budapest, Hungary"]
[Date "2024.09.21"]
[Round "10"]
[White "Colindres, Daniel"]
[Black "Pasko, Llambi"]
[Result "0-1"]
[Board "198"]
[WhiteFideId "8400040"]
[BlackFideId "4701178"]
[WhiteTitle "FM"]
[BlackTitle "IM"]
[WhiteElo "2079"]
[BlackElo "2396"]
[WhiteTeam "Honduras"]
[BlackTeam "Albania"]
[WhiteClock "0:02:36"]
[BlackClock "0:18:33"]
[Variant "Standard"]

1. e4 {[%clk 1:30:35]}  e5 {[%clk 1:30:52]} 2. Nf3 {[%clk 1:31:01]}  Nc6 {[%clk 1:31:14]} 3. Nc3 {[%clk 1:30:36]}  Nf6 {[%clk 1:31:16]} 4. Bb5 {[%clk 1:30:06]}  Nd4 {[%clk 1:29:00]} 5. O-O {[%clk 1:30:25]}  Nxb5 {[%clk 1:22:03]} 6. Nxb5 {[%clk 1:30:45]}  c6 {[%clk 1:15:37]} 7. Nc3 {[%clk 1:29:57]}  d6 {[%clk 1:15:42]} 8. d4 {[%clk 1:20:48]}  Qc7 {[%clk 1:16:05]} 9. Nh4 {[%clk 1:20:41]}  Be7 {[%clk 1:13:10]} 10. f4 {[%clk 1:15:43]}  Qb6 {[%clk 1:12:31]} 11. Nf3 {[%clk 1:14:47]}  Bg4 {[%clk 1:10:10]} 12. Be3 {[%clk 1:12:47]}  d5 {[%clk 1:08:02]} 13. fxe5 {[%clk 1:06:46]}  Nxe4 {[%clk 1:07:20]} 14. Qd3 {[%clk 1:06:00]}  Nxc3 {[%clk 1:03:09]} 15. bxc3 {[%clk 0:57:41]}  Bh5 {[%clk 1:00:12]} 16. Rab1 {[%clk 0:55:48]}  Qc7 {[%clk 1:00:22]} 17. c4 {[%clk 0:55:01]}  dxc4 {[%clk 0:58:23]} 18. Qxc4 {[%clk 0:55:16]}  O-O {[%clk 0:58:41]} 19. Rf2 {[%clk 0:49:17]}  Rad8 {[%clk 0:56:51]} 20. Qb3 {[%clk 0:44:14]}  b6 {[%clk 0:56:08]} 21. c3 {[%clk 0:44:03]}  Qd7 {[%clk 0:49:14]} 22. Rbf1 {[%clk 0:28:17]}  h6 {[%clk 0:47:19]} 23. Nd2 {[%clk 0:25:22]}  Bg6 {[%clk 0:45:37]} 24. Rf3 {[%clk 0:25:37]}  c5 {[%clk 0:43:55]} 25. Rg3 {[%clk 0:23:51]}  Kh7 {[%clk 0:44:04]} 26. Nf3 {[%clk 0:23:14]}  cxd4 {[%clk 0:43:54]} 27. cxd4 {[%clk 0:23:29]}  Qd5 {[%clk 0:43:46]} 28. Qa4 {[%clk 0:21:48]}  a5 {[%clk 0:42:36]} 29. Nd2 {[%clk 0:19:02]}  Rc8 {[%clk 0:41:48]} 30. Qb3 {[%clk 0:18:00]}  Rfd8 {[%clk 0:33:58]} 31. Qxb6 {[%clk 0:16:17]}  Qxa2 {[%clk 0:33:35]} 32. h4 {[%clk 0:12:50]}  Bxh4 {[%clk 0:31:28]} 33. Rh3 {[%clk 0:10:09]}  Be7 {[%clk 0:31:52]} 34. Nb3 {[%clk 0:05:31]}  h5 {[%clk 0:18:17]} 35. Nxa5 {[%clk 0:03:12]}  Qd5 {[%clk 0:18:17]} 36. Nb3 {[%clk 0:02:36]}  Rb8 {[%clk 0:18:33]} 0-1

[Event "45th FIDE Chess Olympiad Open"]
[Site "Budapest, Hungary"]
[Date "2024.09.21"]
[Round "10"]
[White "Mehmeti, Dritan"]
[Black "Gavarrete, Joel"]
[Result "1-0"]
[Board "199"]
[WhiteFideId "4700600"]
[BlackFideId "8401160"]
[WhiteTitle "IM"]
[WhiteElo "2364"]
[BlackElo "2059"]
[WhiteTeam "Albania"]
[BlackTeam "Honduras"]
[WhiteClock "0:49:28"]
[BlackClock "0:21:52"]
[Variant "Standard"]

1. e4 {[%clk 1:30:54]}  e5 {[%clk 1:30:31]} 2. Nf3 {[%clk 1:31:16]}  Nf6 {[%clk 1:30:50]} 3. Nxe5 {[%clk 1:31:07]}  d6 {[%clk 1:31:06]} 4. Nf3 {[%clk 1:31:03]}  Nxe4 {[%clk 1:31:27]} 5. Nc3 {[%clk 1:31:06]}  Nxc3 {[%clk 1:31:39]} 6. dxc3 {[%clk 1:31:28]}  Be7 {[%clk 1:30:21]} 7. Bd3 {[%clk 1:31:47]}  Nc6 {[%clk 1:28:05]} 8. Be3 {[%clk 1:30:34]}  Bg4 {[%clk 1:16:59]} 9. h3 {[%clk 1:28:52]}  Bh5 {[%clk 1:14:23]} 10. g4 {[%clk 1:27:47]}  Bg6 {[%clk 1:14:44]} 11. Bxg6 {[%clk 1:27:36]}  hxg6 {[%clk 1:14:57]} 12. Qd5 {[%clk 1:27:45]}  Qd7 {[%clk 1:12:00]} 13. O-O-O {[%clk 1:26:29]}  Qe6 {[%clk 1:08:49]} 14. c4 {[%clk 1:25:10]}  Qxd5 {[%clk 1:02:23]} 15. cxd5 {[%clk 1:24:37]}  Ne5 {[%clk 1:02:20]} 16. Nd4 {[%clk 1:23:12]}  Nc4 {[%clk 0:48:27]} 17. Bf4 {[%clk 1:15:17]}  Bf6 {[%clk 0:40:02]} 18. b3 {[%clk 1:11:54]}  g5 {[%clk 0:35:06]} 19. bxc4 {[%clk 1:07:17]}  gxf4 {[%clk 0:35:25]} 20. Nf3 {[%clk 1:07:18]}  Kd7 {[%clk 0:28:48]} 21. h4 {[%clk 0:54:47]}  g6 {[%clk 0:25:01]} 22. Rde1 {[%clk 0:50:05]}  Rae8 {[%clk 0:24:42]} 23. Rxe8 {[%clk 0:49:26]}  Rxe8 {[%clk 0:23:45]} 24. Kd2 {[%clk 0:49:42]}  c6 {[%clk 0:17:55]} 25. dxc6+ {[%clk 0:45:04]}  Kxc6 {[%clk 0:16:59]} 26. h5 {[%clk 0:44:20]}  gxh5 {[%clk 0:16:33]} 27. gxh5 {[%clk 0:42:02]}  d5 {[%clk 0:10:18]} 28. cxd5+ {[%clk 0:40:51]}  Kxd5 {[%clk 0:10:44]} 29. h6 {[%clk 0:40:53]}  Rc8 {[%clk 0:08:27]} 30. h7 {[%clk 0:39:19]}  Ke4 {[%clk 0:08:33]} 31. Ng5+ {[%clk 0:39:16]}  Bxg5 {[%clk 0:02:22]} 32. h8=Q {[%clk 0:39:00]}  Rxh8 {[%clk 0:02:45]} 33. Rxh8 {[%clk 0:39:24]}  Kf3 {[%clk 0:02:26]} 34. Rh2 {[%clk 0:38:13]}  Be7 {[%clk 0:02:25]} 35. Ke1 {[%clk 0:38:18]}  Ke4 {[%clk 0:01:51]} 36. Rh7 {[%clk 0:33:54]}  Bc5 {[%clk 0:01:37]} 37. Kf1 {[%clk 0:32:28]}  b6 {[%clk 0:01:25]} 38. Rxf7 {[%clk 0:29:13]}  a5 {[%clk 0:00:45]} 39. Ke2 {[%clk 0:27:28]}  Bd6 {[%clk 0:00:45]} 40. f3+ {[%clk 0:26:34]}  Kd4 {[%clk 0:00:36]} 41. Rd7 {[%clk 0:26:32]}  Kc5 {[%clk 0:24:59]} 42. Kd3 {[%clk 0:56:49]}  Be5 {[%clk 0:20:59]} 43. Ke4 {[%clk 0:49:36]}  Bd6 {[%clk 0:21:00]} 44. Rxd6 {[%clk 0:47:35]}  Kxd6 {[%clk 0:21:25]} 45. Kxf4 {[%clk 0:48:02]}  Kd5 {[%clk 0:21:48]} 46. Kg5 {[%clk 0:48:19]}  Kc4 {[%clk 0:22:10]} 47. f4 {[%clk 0:48:47]}  b5 {[%clk 0:22:31]} 48. f5 {[%clk 0:49:11]}  b4 {[%clk 0:22:16]} 49. f6 {[%clk 0:49:36]}  Kc3 {[%clk 0:21:27]} 50. f7 {[%clk 0:49:59]}  Kxc2 {[%clk 0:21:42]} 51. f8=Q {[%clk 0:50:20]}  Kb1 {[%clk 0:21:52]} 52. Qf5+ {[%clk 0:49:28]} 1-0

[Event "45th FIDE Chess Olympiad Open"]
[Site "Budapest, Hungary"]
[Date "2024.09.21"]
[Round "10"]
[White "Soliz Gabarrete, Luis Fernando"]
[Black "Veleshnja, Zino"]
[Result "0-1"]
[Board "200"]
[WhiteFideId "8403031"]
[BlackFideId "4701313"]
[BlackTitle "FM"]
[WhiteElo "1920"]
[BlackElo "2294"]
[WhiteTeam "Honduras"]
[BlackTeam "Albania"]
[WhiteClock "0:00:39"]
[BlackClock "0:19:07"]
[Variant "Standard"]

1. e4 {[%clk 1:30:43]}  c5 {[%clk 1:30:53]} 2. Nf3 {[%clk 1:31:07]}  d6 {[%clk 1:31:18]} 3. c3 {[%clk 1:31:16]}  Nf6 {[%clk 1:31:30]} 4. h3 {[%clk 1:31:36]}  g6 {[%clk 1:31:38]} 5. Bd3 {[%clk 1:31:22]}  Bg7 {[%clk 1:31:48]} 6. Bc2 {[%clk 1:31:30]}  O-O {[%clk 1:31:42]} 7. d4 {[%clk 1:31:46]}  cxd4 {[%clk 1:31:07]} 8. cxd4 {[%clk 1:32:09]}  Nc6 {[%clk 1:30:54]} 9. Nc3 {[%clk 1:31:39]}  b6 {[%clk 1:19:02]} 10. O-O {[%clk 1:27:15]}  Ba6 {[%clk 1:12:55]} 11. Re1 {[%clk 1:27:30]}  Rc8 {[%clk 1:06:52]} 12. Be3 {[%clk 0:58:28]}  Nd7 {[%clk 0:58:55]} 13. Rc1 {[%clk 0:55:16]}  Na5 {[%clk 0:56:49]} 14. Nd2 {[%clk 0:51:53]}  e5 {[%clk 0:53:04]} 15. d5 {[%clk 0:49:53]}  f5 {[%clk 0:49:21]} 16. f3 {[%clk 0:49:40]}  f4 {[%clk 0:45:17]} 17. Bf2 {[%clk 0:50:03]}  g5 {[%clk 0:43:22]} 18. a4 {[%clk 0:46:55]}  h5 {[%clk 0:38:00]} 19. Nb5 {[%clk 0:41:17]}  Bxb5 {[%clk 0:37:21]} 20. axb5 {[%clk 0:41:39]}  Bh6 {[%clk 0:36:41]} 21. b4 {[%clk 0:41:28]}  Nb7 {[%clk 0:35:45]} 22. Bd3 {[%clk 0:36:58]}  g4 {[%clk 0:31:03]} 23. Rxc8 {[%clk 0:35:29]}  Qxc8 {[%clk 0:31:28]} 24. fxg4 {[%clk 0:35:42]}  Qc3 {[%clk 0:28:56]} 25. Qc2 {[%clk 0:31:02]}  Qxc2 {[%clk 0:29:02]} 26. Bxc2 {[%clk 0:31:26]}  hxg4 {[%clk 0:29:20]} 27. hxg4 {[%clk 0:31:51]}  Rc8 {[%clk 0:29:38]} 28. Bd3 {[%clk 0:09:27]}  Rc3 {[%clk 0:26:00]} 29. Bf1 {[%clk 0:09:43]}  Rc7 {[%clk 0:13:57]} 30. Nc4 {[%clk 0:09:04]}  Nd8 {[%clk 0:12:56]} 31. Bh4 {[%clk 0:04:11]}  Nf7 {[%clk 0:13:05]} 32. Kf2 {[%clk 0:02:54]}  Nf8 {[%clk 0:12:03]} 33. Bd3 {[%clk 0:01:59]}  Ng6 {[%clk 0:11:37]} 34. Bf6 {[%clk 0:02:21]}  Bg7 {[%clk 0:10:30]} 35. g5 {[%clk 0:02:18]}  Bxf6 {[%clk 0:09:44]} 36. gxf6 {[%clk 0:02:43]}  Nf8 {[%clk 0:08:44]} 37. Kf3 {[%clk 0:02:31]}  Nh7 {[%clk 0:08:40]} 38. Kg4 {[%clk 0:01:51]}  Nxf6+ {[%clk 0:08:04]} 39. Kf5 {[%clk 0:02:15]}  Kg7 {[%clk 0:07:58]} 40. Ke6 {[%clk 0:00:58]}  Rd7 {[%clk 0:07:05]} 41. Kf5 {[%clk 0:00:40]}  Nh6+ {[%clk 0:02:17]} 42. Kg5 {[%clk 0:00:48]}  Nh7+ {[%clk 0:02:16]} 43. Kh4 {[%clk 0:00:56]}  Kf6 {[%clk 0:02:13]} 44. Be2 {[%clk 0:15:48]}  Ng5 {[%clk 0:28:45]} 45. Bg4 {[%clk 0:11:56]}  Rh7 {[%clk 0:25:52]} 46. Bh5 {[%clk 0:12:19]}  Nxe4 {[%clk 0:21:47]} 47. Rxe4 {[%clk 0:10:47]}  Nf5+ {[%clk 0:22:12]} 48. Kg4 {[%clk 0:11:10]}  Rxh5 {[%clk 0:22:20]} 49. Kxh5 {[%clk 0:01:10]}  Ng3+ {[%clk 0:22:44]} 50. Kg4 {[%clk 0:01:35]}  Nxe4 {[%clk 0:23:09]} 51. Kf3 {[%clk 0:02:02]}  Nc3 {[%clk 0:23:04]} 52. Nxd6 {[%clk 0:02:05]}  Nxd5 {[%clk 0:23:20]} 53. Nc8 {[%clk 0:01:45]}  Nxb4 {[%clk 0:23:03]} 54. Nxa7 {[%clk 0:00:42]}  Kf5 {[%clk 0:22:18]} 55. Nc8 {[%clk 0:00:39]}  e4+ {[%clk 0:22:29]} 56. Kf2 {[%clk 0:00:40]}  Nd5 {[%clk 0:22:36]} 57. g3 {[%clk 0:00:35]}  fxg3+ {[%clk 0:19:14]} 58. Kxg3 {[%clk 0:00:54]}  Ke5 {[%clk 0:19:36]} 59. Kf2 {[%clk 0:00:58]}  Kd4 {[%clk 0:19:47]} 60. Nd6 {[%clk 0:00:42]}  e3+ {[%clk 0:20:07]} 61. Ke2 {[%clk 0:00:39]}  Nf4+ {[%clk 0:19:07]} 0-1